[Event "First Saturday FM A 09 2012"]
[Site "Budapest"]
[Date "2012.09.01"]
[Round "1.1"]
[White "Krstulovic, Alex"]
[Black "Pogats, Jozsef Jr"]
[Result "1-0"]
[WhiteElo "1843"]
[BlackElo "1808"]
[PlyCount "69"]
[EventDate "2012.09.01"]

1. d4 Nf6 2. c4 g6 3. Nc3 Bg7 4. e4 d6 5. Be2 O-O 6. Bg5 c5 7. d5 h6 8. Be3 e6
9. h3 exd5 10. exd5 a6 11. a4 b6 12. Bd3 Nbd7 13. Nf3 Re8 14. O-O Nh5 15. Qd2
Kh7 16. Rfe1 Ne5 17. Nxe5 dxe5 18. a5 bxa5 19. Na4 f5 20. Bxc5 Nf4 21. Be3 Nxd3
22. Qxd3 f4 23. Bb6 Qg5 24. Nc5 Bf5 25. Ne4 Bxe4 26. Qxe4 Bf6 27. c5 Bd8 28.
Bxa5 Bxa5 29. Rxa5 Rab8 30. Re2 f3 31. Qxf3 Qc1+ 32. Kh2 Rf8 33. Qe3 Qxe3 34.
fxe3 e4 35. Rxa6 1-0

[Event "First Saturday FM A 09 2012"]
[Site "Budapest"]
[Date "2012.09.01"]
[Round "1.2"]
[White "Letay, Gyula"]
[Black "Maehrlein, Christoph"]
[Result "0-1"]
[WhiteElo "1996"]
[BlackElo "2127"]
[PlyCount "112"]
[EventDate "2012.09.01"]

1. e4 d6 2. d4 Nf6 3. Nc3 g6 4. f3 Bg7 5. Be3 c6 6. Qd2 b5 7. a3 Nbd7 8. Bh6
O-O 9. g4 e5 10. Bxg7 Kxg7 11. h4 h5 12. g5 Ne8 13. O-O-O a5 14. Nb1 Qe7 15.
Ne2 Nb6 16. Ng3 Be6 17. f4 exf4 18. Qxf4 Bg4 19. Be2 Bxe2 20. Nxe2 f6 21. Rhg1
f5 22. Nd2 d5 23. e5 Nc7 24. Qf2 b4 25. Qf3 Nb5 26. Nb1 a4 27. Rg3 Rab8 28. Nf4
Nc4 29. axb4 Qxb4 30. b3 Nc7 31. Qc3 axb3 32. cxb3 Na5 33. Rdd3 Qb6 34. Nd2
Rfc8 35. Kd1 Kh7 36. e6 Re8 37. Rde3 Re7 38. Qd3 Qb5 39. Nxh5 Qxd3 40. Nf6+ Kg7
41. Rxd3 Rh8 42. Nf3 Nxe6 43. h5 gxh5 44. Nh4 Rb7 45. Nxf5+ Kg6 46. Nh4+ Kf7
47. Rdf3 Nxd4 48. g6+ Kg7 49. Rf4 Naxb3 50. Rg5 Ra8 51. Ke1 Re7+ 52. Kf2 Ra2+
53. Kg3 Ne2+ 54. Kf3 Nbd4+ 55. Rxd4 Nxd4+ 56. Kg3 Ra3+ 0-1

[Event "First Saturday FM A 09 2012"]
[Site "Budapest"]
[Date "2012.09.01"]
[Round "1.3"]
[White "Trajber, Csaba Dr"]
[Black "Juracsik, Jozsef"]
[Result "0-1"]
[WhiteElo "2018"]
[BlackElo "2149"]
[PlyCount "44"]
[EventDate "2012.09.01"]

1. e4 c5 2. Nf3 d6 3. d4 cxd4 4. Nxd4 Nf6 5. Nc3 a6 6. f4 b5 7. Qf3 Bb7 8. Bd3
Nbd7 9. Be3 g6 10. g4 h5 11. g5 Ng4 12. Bg1 e5 13. Nde2 exf4 14. Qxf4 Nge5 15.
h4 Qa5 16. Bd4 Bg7 17. O-O O-O 18. a3 Rae8 19. Rad1 Qc7 20. Kh1 Nc5 21. b4
Nexd3 22. cxd3 Ne6 0-1

[Event "First Saturday FM A 09 2012"]
[Site "Budapest"]
[Date "2012.09.01"]
[Round "1.4"]
[White "Darazs, Zoltan"]
[Black "Bohus, Adam"]
[Result "1-0"]
[WhiteElo "2137"]
[BlackElo "1750"]
[PlyCount "73"]
[EventDate "2012.09.01"]

1. e4 c5 2. Nf3 Nc6 3. Bb5 g6 4. O-O Bg7 5. c3 d6 6. d4 cxd4 7. cxd4 Bd7 8. Re1
e6 9. Nc3 Nge7 10. d5 Ne5 11. dxe6 Nxf3+ 12. gxf3 fxe6 13. Qxd6 Bxc3 14. Qxd7+
Qxd7 15. Bxd7+ Kxd7 16. Rd1+ Kc7 17. bxc3 Nc6 18. Bf4+ e5 19. Bg3 Rhf8 20. Kg2
Rf7 21. Rd5 Raf8 22. Rad1 Rxf3 23. Rd7+ Kc8 24. Rxh7 Nd8 25. c4 R3f7 26. Rxf7
Nxf7 27. Rd5 Re8 28. Kf3 Re6 29. Ra5 a6 30. Ke3 Kc7 31. f4 Nd6 32. Kd3 Kb6 33.
Rxe5 Rxe5 34. fxe5 Ne8 35. e6 Kc5 36. Be5 Nd6 37. Bxd6+ 1-0

[Event "First Saturday FM A 09 2012"]
[Site "Budapest"]
[Date "2012.09.01"]
[Round "1.5"]
[White "Langer, Christian"]
[Black "Akots, Gabor"]
[Result "1/2-1/2"]
[WhiteElo "2129"]
[BlackElo "2269"]
[PlyCount "51"]
[EventDate "2012.09.01"]

1. g3 e5 2. Bg2 Nc6 3. c4 g6 4. Nc3 Bg7 5. Nf3 f5 6. d3 Nf6 7. Rb1 a5 8. a3 O-O
9. b4 axb4 10. axb4 d6 11. b5 Ne7 12. Bb2 h6 13. O-O Be6 14. Ra1 Rb8 15. Nd2 g5
16. Ra7 b6 17. Qb3 Ng6 18. Nd5 Bxd5 19. cxd5 g4 20. Qc4 Ne8 21. Rfa1 h5 22. Qc6
Ne7 23. Qc4 Ng6 24. Qc6 Ne7 25. Qc4 Ng6 26. Qc6 1/2-1/2

[Event "First Saturday FM A 09 2012"]
[Site "Budapest"]
[Date "2012.09.01"]
[Round "1.6"]
[White "Faellman, Micael"]
[Black "Hilbenz, Guntram Dr"]
[Result "1/2-1/2"]
[WhiteElo "2059"]
[BlackElo "1924"]
[PlyCount "34"]
[EventDate "2012.09.01"]

1. d4 d6 2. c4 e5 3. Nf3 Nd7 4. Nc3 Ngf6 5. e4 Be7 6. Be2 O-O 7. O-O c6 8. Rb1
a6 9. b4 b5 10. dxe5 dxe5 11. c5 a5 12. a3 axb4 13. axb4 Qc7 14. Qc2 Bb7 15.
Bb2 Rfe8 16. Rfd1 Nf8 17. Rd2 Rad8 1/2-1/2

[Event "First Saturday FM A 09 2012"]
[Site "Budapest"]
[Date "2012.09.02"]
[Round "2.1"]
[White "Pogats, Jozsef Jr"]
[Black "Hilbenz, Guntram Dr"]
[Result "1/2-1/2"]
[WhiteElo "1808"]
[BlackElo "1924"]
[PlyCount "58"]
[EventDate "2012.09.01"]

1. Nf3 d6 2. d4 Nf6 3. g3 Nbd7 4. Bg2 e5 5. Nc3 Be7 6. e4 O-O 7. O-O c6 8. a4
a5 9. h3 exd4 10. Nxd4 Nc5 11. Re1 Re8 12. Be3 Bf8 13. Bf4 Ne6 14. Nxe6 Bxe6
15. Qd2 Qb6 16. Be3 Qc7 17. Rad1 Rad8 18. Bd4 Nd7 19. f4 f5 20. exf5 Bxf5 21.
g4 Bg6 22. f5 Bf7 23. Rf1 Bc4 24. Rf2 d5 25. g5 Bc5 26. Bxc5 Nxc5 27. f6 Rf8
28. b3 Ba6 29. Kh1 Qe5 1/2-1/2

[Event "First Saturday FM A 09 2012"]
[Site "Budapest"]
[Date "2012.09.02"]
[Round "2.2"]
[White "Akots, Gabor"]
[Black "Faellman, Micael"]
[Result "1/2-1/2"]
[WhiteElo "2269"]
[BlackElo "2059"]
[PlyCount "48"]
[EventDate "2012.09.01"]

1. d4 Nf6 2. c4 e6 3. Nc3 Bb4 4. e3 c5 5. Bd3 O-O 6. Nf3 d5 7. O-O Nc6 8. a3
Bxc3 9. bxc3 dxc4 10. Bxc4 Qc7 11. dxc5 Rd8 12. Qc2 Ne5 13. Be2 Ned7 14. Bb2
Qxc5 15. c4 b6 16. Bd4 Qc7 17. Qb2 Bb7 18. Ne5 Nxe5 19. Bxe5 Qe7 20. Rfd1 Ne8
21. a4 Bc6 22. f3 f6 23. Bg3 e5 24. e4 Nc7 1/2-1/2

[Event "First Saturday FM A 09 2012"]
[Site "Budapest"]
[Date "2012.09.02"]
[Round "2.4"]
[White "Juracsik, Jozsef"]
[Black "Darazs, Zoltan"]
[Result "1/2-1/2"]
[WhiteElo "2149"]
[BlackElo "2137"]
[PlyCount "31"]
[EventDate "2012.09.01"]

1. e4 e5 2. Nf3 Nc6 3. Bb5 a6 4. Ba4 Nf6 5. O-O Be7 6. Re1 b5 7. Bb3 O-O 8. c3
d5 9. exd5 Nxd5 10. Nxe5 Nxe5 11. Rxe5 c6 12. d4 Bd6 13. Re1 Qh4 14. g3 Qh3 15.
Re4 g5 16. Qf3 1/2-1/2

[Event "First Saturday FM A 09 2012"]
[Site "Budapest"]
[Date "2012.09.02"]
[Round "2.5"]
[White "Maehrlein, Christoph"]
[Black "Trajber, Csaba Dr"]
[Result "0-1"]
[WhiteElo "2127"]
[BlackElo "2018"]
[PlyCount "64"]
[EventDate "2012.09.01"]

1. d4 d5 2. c4 c6 3. Nf3 Nf6 4. Nc3 e6 5. Bg5 h6 6. Bxf6 Qxf6 7. e3 Nd7 8. Be2
g6 9. O-O Bg7 10. e4 dxe4 11. Nxe4 Qf4 12. Nc3 O-O 13. Re1 b6 14. Rc1 Bb7 15.
b4 Rfd8 16. g3 Qc7 17. Qb3 c5 18. bxc5 bxc5 19. d5 Bxc3 20. Rxc3 Rab8 21. dxe6
Bxf3 22. Qc2 Bxe2 23. Qxe2 Re8 24. Re3 Nf6 25. Qf3 Kg7 26. e7 Rb6 27. Qe2 Rd6
28. g4 Rd4 29. f3 Qd6 30. Re5 Rd2 31. Qe3 Nd7 32. Qc3 Nxe5 0-1

[Event "First Saturday FM A 09 2012"]
[Site "Budapest"]
[Date "2012.09.02"]
[Round "2.6"]
[White "Krstulovic, Alex"]
[Black "Letay, Gyula"]
[Result "1-0"]
[WhiteElo "1843"]
[BlackElo "1996"]
[PlyCount "80"]
[EventDate "2012.09.01"]

1. d4 d5 2. c4 e6 3. Nc3 Be7 4. Bf4 Nf6 5. e3 c6 6. Nf3 Nbd7 7. cxd5 exd5 8.
Bd3 h6 9. h3 b6 10. O-O Bb7 11. Rc1 O-O 12. Bb1 Re8 13. Ne5 Nf8 14. Bf5 Bd6 15.
Qa4 Bxe5 16. Bxe5 N6d7 17. Bg3 Qg5 18. Bb1 Nf6 19. Bd3 Nh5 20. Ne2 Ng6 21. Ba6
Nxg3 22. Nxg3 Bxa6 23. Qxa6 Rec8 24. b4 h5 25. Qb7 h4 26. Ne2 Ne7 27. Nf4 Qf6
28. Qa6 g5 29. Nd3 Qe6 30. a3 f5 31. Ne5 Rc7 32. f4 Ng6 33. b5 gxf4 34. exf4
Nxe5 35. fxe5 Qg6 36. bxc6 Rg7 37. Rf2 Qg5 38. Rcf1 f4 39. Qb5 Rd8 40. Qb3 Rf8
{after 12 move} 1-0

[Event "First Saturday FM A 09 2012"]
[Site "Budapest"]
[Date "2012.09.03"]
[Round "3.1"]
[White "Letay, Gyula"]
[Black "Pogats, Jozsef Jr"]
[Result "1-0"]
[WhiteElo "1996"]
[BlackElo "1808"]
[PlyCount "81"]
[EventDate "2012.09.01"]

1. e4 c5 2. Nc3 Nc6 3. g3 g6 4. Bg2 Bg7 5. d3 d6 6. Be3 e6 7. Nge2 Nd4 8. O-O
Ne7 9. Qd2 O-O 10. Nc1 Rb8 11. Nd1 b5 12. c3 Ndc6 13. Bh6 Re8 14. Bxg7 Kxg7 15.
Ne3 d5 16. exd5 exd5 17. d4 c4 18. Ne2 b4 19. Nf4 Be6 20. Nxe6+ fxe6 21. Ng4
Ng8 22. Rae1 h5 23. Ne5 Nxe5 24. Rxe5 bxc3 25. bxc3 Qf6 26. Rfe1 Re7 27. Bh3
Rbe8 28. Qe2 Qf8 29. Bxe6 Nf6 30. f3 Ne4 31. Bxd5 Rxe5 32. dxe5 Qc5+ 33. Qe3
Qxd5 34. fxe4 Qxe5 35. Qxa7+ Re7 36. Qd4 Qxd4+ 37. cxd4 c3 38. Kf2 c2 39. Ke3
Ra7 40. Rc1 Rxa2 41. e5 1-0

[Event "First Saturday FM A 09 2012"]
[Site "Budapest"]
[Date "2012.09.03"]
[Round "3.2"]
[White "Trajber, Csaba Dr"]
[Black "Krstulovic, Alex"]
[Result "0-1"]
[WhiteElo "2018"]
[BlackElo "1843"]
[PlyCount "56"]
[EventDate "2012.09.01"]

1. b3 c5 2. Bb2 d5 3. e3 Nf6 4. Nf3 Bg4 5. Bb5+ Nc6 6. h3 Bh5 7. g4 Bg6 8. Ne5
Qb6 9. Bxc6+ bxc6 10. d3 d4 11. Nd2 Nd5 12. e4 Nc7 13. f4 f6 14. Nec4 Qb7 15.
f5 Bf7 16. Qe2 O-O-O 17. O-O-O e5 18. fxe6 Bxe6 19. Kb1 Nb5 20. Ka1 Qa6 21. Nb1
Bf7 22. Qd2 Nd6 23. Qa5 Bxc4 24. Qxc5 Bf7 25. Bxd4 Nb5 26. Qf5+ Kb7 27. Bb2 Bb4
28. c3 Bxb3 0-1

[Event "First Saturday FM A 09 2012"]
[Site "Budapest"]
[Date "2012.09.03"]
[Round "3.3"]
[White "Darazs, Zoltan"]
[Black "Maehrlein, Christoph"]
[Result "0-1"]
[WhiteElo "2137"]
[BlackElo "2127"]
[PlyCount "50"]
[EventDate "2012.09.01"]

1. e4 d6 2. d4 Nf6 3. Nc3 g6 4. f4 Bg7 5. Nf3 c5 6. Bb5+ Bd7 7. e5 Ng4 8. e6
fxe6 9. Ng5 Bxb5 10. Qxg4 Bd7 11. Nxe6 Bxe6 12. Qxe6 Qd7 13. d5 Qxe6+ 14. dxe6
Bxc3+ 15. bxc3 O-O 16. g4 Nc6 17. O-O Rf6 18. f5 gxf5 19. gxf5 Raf8 20. Kh1 h5
21. Rb1 b6 22. c4 Rxf5 23. Rg1+ Kh7 24. Bb2 Ne5 25. Bxe5 Rxe5 0-1

[Event "First Saturday FM A 09 2012"]
[Site "Budapest"]
[Date "2012.09.03"]
[Round "3.4"]
[White "Langer, Christian"]
[Black "Juracsik, Jozsef"]
[Result "1-0"]
[WhiteElo "2129"]
[BlackElo "2149"]
[PlyCount "103"]
[EventDate "2012.09.01"]

1. g3 d5 2. Bg2 c6 3. Nf3 Nf6 4. b3 g6 5. Bb2 Bg7 6. O-O O-O 7. d3 a5 8. a3 Qb6
9. Nbd2 Na6 10. Rb1 h6 11. c4 Rd8 12. Qc2 Bg4 13. h3 Bxf3 14. Nxf3 Ne8 15. Bxg7
Kxg7 16. b4 axb4 17. axb4 Nac7 18. Rfc1 Nf6 19. Nd2 Ne6 20. Nf3 dxc4 21. dxc4
Ra3 22. e3 Rda8 23. Rb2 Ra1 24. Rcb1 Rxb1+ 25. Rxb1 Kg8 26. Ne5 Qc7 27. Qc3 Nd7
28. Nf3 Nf6 29. Nd4 Ng5 30. Qc2 e5 31. h4 exd4 32. hxg5 hxg5 33. exd4 Rd8 34.
Qc3 Qd6 35. Rd1 Re8 36. Qd2 g4 37. c5 Qd7 38. Qd3 Nd5 39. Qc4 Kg7 40. Bxd5 cxd5
41. Qd3 Re4 42. b5 Qf5 43. Qc3 Re2 44. Rf1 Qe4 45. b6 Rc2 46. Qe3 Qf5 47. Re1
Rc4 48. Qf4 Qxf4 49. gxf4 Kf6 50. Re8 Kf5 51. Re7 f6 52. Rxb7 1-0

[Event "First Saturday FM A 09 2012"]
[Site "Budapest"]
[Date "2012.09.03"]
[Round "3.5"]
[White "Faellman, Micael"]
[Black "Bohus, Adam"]
[Result "1/2-1/2"]
[WhiteElo "2059"]
[BlackElo "1750"]
[PlyCount "75"]
[EventDate "2012.09.01"]

1. d4 d5 2. Nf3 Nf6 3. c4 dxc4 4. e3 e6 5. Bxc4 c5 6. O-O a6 7. Qe2 b5 8. Bd3
cxd4 9. Rd1 Be7 10. exd4 Bb7 11. Nc3 O-O 12. a3 Nbd7 13. Bc2 Nb6 14. Bg5 Bd5
15. Ne5 Nbd7 16. Nxd5 Nxd5 17. Nc6 Qe8 18. Nxe7+ Nxe7 19. Qd3 f5 20. Re1 Nd5
21. Bb3 Qg6 22. Bd2 N7b6 23. Rac1 Rac8 24. Rc5 Kh8 25. Rec1 Qf6 26. h3 h6 27.
Bxd5 exd5 28. Bf4 Qe6 29. b3 Rfe8 30. Qf3 Kh7 31. h4 Rxc5 32. dxc5 Nd7 33. c6
Ne5 34. Bxe5 Qxe5 35. h5 Rc8 36. c7 f4 37. Qg4 Rxc7 38. Qg6+ 1/2-1/2

[Event "First Saturday FM A 09 2012"]
[Site "Budapest"]
[Date "2012.09.04"]
[Round "4.3"]
[White "Juracsik, Jozsef"]
[Black "Faellman, Micael"]
[Result "1-0"]
[WhiteElo "2149"]
[BlackElo "2059"]
[PlyCount "117"]
[EventDate "2012.09.01"]

1. e4 e5 2. Nf3 Nc6 3. Bb5 a6 4. Ba4 Nf6 5. O-O Be7 6. d3 d6 7. c3 O-O 8. Nbd2
Bg4 9. h3 Bh5 10. g4 Bg6 11. Qe2 b5 12. Bb3 Na5 13. Bc2 c5 14. Rd1 Nc6 15. Nf1
Re8 16. Bg5 Qd7 17. Bxf6 Bxf6 18. Bb3 Nd8 19. Ne3 Ne6 20. Nd5 Bd8 21. a4 Rb8
22. axb5 axb5 23. Qe3 h6 24. Ra6 Bg5 25. Nxg5 Nxg5 26. Rda1 Rb7 27. Kh2 Ne6 28.
Ra8 Reb8 29. R1a7 Rxa8 30. Rxa8+ Kh7 31. h4 c4 32. Bd1 f6 33. d4 Bf7 34. g5
fxg5 35. Bg4 h5 36. Bf5+ Bg6 37. hxg5 Qf7 38. Bxe6 Qxe6 39. f3 Qf7 40. dxe5
dxe5 41. Kg3 Rd7 42. Ra5 Rb7 43. Ra6 Qd7 44. Qc5 Qf7 45. Qd6 h4+ 46. Kh2 Bxe4
47. Nf6+ gxf6 48. fxe4 Qh5 49. Qxf6 Qe2+ 50. Kh3 Qe3+ 51. Kxh4 Qxe4+ 52. Kg3
Qe3+ 53. Kg2 Qe2+ 54. Qf2 Qg4+ 55. Qg3 Qe2+ 56. Kh3 Qf1+ 57. Kg4 Qd1+ 58. Qf3
Qg1+ 59. Kh3 1-0

[Event "First Saturday FM A 09 2012"]
[Site "Budapest"]
[Date "2012.09.04"]
[Round "4.5"]
[White "Krstulovic, Alex"]
[Black "Darazs, Zoltan"]
[Result "0-1"]
[WhiteElo "1843"]
[BlackElo "2137"]
[PlyCount "50"]
[EventDate "2012.09.01"]

1. d4 Nf6 2. c4 e6 3. Nf3 c5 4. d5 b5 5. Nc3 b4 6. Na4 d6 7. Bg5 Be7 8. dxe6
fxe6 9. g3 Bb7 10. Bg2 O-O 11. O-O Nbd7 12. a3 a5 13. Qb3 Nb6 14. Nxb6 Qxb6 15.
axb4 axb4 16. Rfd1 h6 17. Be3 Ng4 18. Bh3 h5 19. Bxg4 hxg4 20. Ng5 Qc6 21. f3
Bxg5 22. Bxg5 gxf3 23. exf3 Rxa1 24. Rxa1 Rxf3 25. Qc2 Rf5 0-1

[Event "First Saturday FM A 09 2012"]
[Site "Budapest"]
[Date "2012.09.04"]
[Round "4.6"]
[White "Letay, Gyula"]
[Black "Trajber, Csaba Dr"]
[Result "1/2-1/2"]
[WhiteElo "1996"]
[BlackElo "2018"]
[PlyCount "23"]
[EventDate "2012.09.01"]

1. e4 e5 2. Nf3 Nc6 3. Bb5 a6 4. Bxc6 dxc6 5. O-O Bg4 6. h3 Bxf3 7. Qxf3 Qe7 8.
d3 O-O-O 9. Be3 g6 10. Nd2 Bg7 11. Nc4 Re8 12. Rad1 1/2-1/2

[Event "First Saturday FM A 09 2012"]
[Site "Budapest"]
[Date "2012.09.05"]
[Round "5.1"]
[White "Trajber, Csaba Dr"]
[Black "Pogats, Jozsef Jr"]
[Result "1-0"]
[WhiteElo "2018"]
[BlackElo "1808"]
[PlyCount "103"]
[EventDate "2012.09.01"]

1. e4 c5 2. Nf3 e6 3. d4 cxd4 4. Nxd4 Nf6 5. Bd3 Nc6 6. Nxc6 bxc6 7. O-O Qc7 8.
c4 Be7 9. Nc3 d6 10. Be3 O-O 11. Rc1 Bb7 12. f4 c5 13. Qf3 a6 14. Qh3 Rfe8 15.
Rce1 g6 16. f5 exf5 17. exf5 Qd8 18. fxg6 hxg6 19. Bh6 Bc8 20. Qf3 Bg4 21. Qf2
Be6 22. h3 Qd7 23. Re3 Nh7 24. Rf3 Bf8 25. Bxf8 Rxf8 26. Qh4 Qd8 27. Qg3 Qg5
28. Qf2 Qe7 29. Re3 Qd7 30. Qf4 Rae8 31. Qh6 d5 32. Rg3 dxc4 33. Bxg6 fxg6 34.
Rxg6+ Kh8 35. Rxf8+ Rxf8 36. Rxe6 Qd4+ 37. Qe3 Qxe3+ 38. Rxe3 Rf4 39. Re5 Rd4
40. Rxc5 Rd2 41. Rxc4 Rxb2 42. Ra4 Rc2 43. Nd5 Ng5 44. Rxa6 Ne4 45. a4 Rc1+ 46.
Kh2 Nf2 47. Ra7 Rh1+ 48. Kg3 Ne4+ 49. Kf4 Nc5 50. Kf5 Rf1+ 51. Kg6 Rf8 52. Rh7+
1-0

[Event "First Saturday FM A 09 2012"]
[Site "Budapest"]
[Date "2012.09.05"]
[Round "5.2"]
[White "Darazs, Zoltan"]
[Black "Letay, Gyula"]
[Result "1/2-1/2"]
[WhiteElo "2137"]
[BlackElo "1996"]
[PlyCount "23"]
[EventDate "2012.09.01"]

1. Nf3 Nf6 2. g3 g6 3. Bg2 Bg7 4. O-O O-O 5. d4 d5 6. c4 c6 7. Nc3 b6 8. Re1
Bb7 9. cxd5 cxd5 10. Bf4 Nbd7 11. Rc1 a6 12. Ne5 1/2-1/2

[Event "First Saturday FM A 09 2012"]
[Site "Budapest"]
[Date "2012.09.05"]
[Round "5.3"]
[White "Langer, Christian"]
[Black "Krstulovic, Alex"]
[Result "1/2-1/2"]
[WhiteElo "2129"]
[BlackElo "1843"]
[PlyCount "60"]
[EventDate "2012.09.01"]

1. g3 c5 2. Bg2 g6 3. c4 Bg7 4. Nc3 Nc6 5. Rb1 Rb8 6. a3 a6 7. b4 cxb4 8. axb4
b5 9. cxb5 axb5 10. Nf3 d5 11. d4 Nf6 12. Bf4 Bf5 13. Rb3 Rb6 14. O-O O-O 15.
Ne5 Ne4 16. Nxe4 Nxe5 17. Bxe5 Bxe5 18. dxe5 Bxe4 19. Bxe4 dxe4 20. Rc3 Qa8 21.
Qd4 Rc6 22. Rc5 Rxc5 23. Qxc5 Qb7 24. Rc1 Rd8 25. Qe3 Rd5 26. Rc5 Rxc5 27. Qxc5
Qd7 28. e3 Qd1+ 29. Kg2 Qf3+ 30. Kg1 Qd1+ 1/2-1/2

[Event "First Saturday FM A 09 2012"]
[Site "Budapest"]
[Date "2012.09.05"]
[Round "5.4"]
[White "Faellman, Micael"]
[Black "Maehrlein, Christoph"]
[Result "1/2-1/2"]
[WhiteElo "2059"]
[BlackElo "2127"]
[PlyCount "80"]
[EventDate "2012.09.01"]

1. d4 Nf6 2. c4 e6 3. Nc3 c5 4. d5 exd5 5. cxd5 d6 6. e4 g6 7. Bd3 Bg7 8. h3
O-O 9. Nf3 Re8 10. O-O Na6 11. Re1 Nc7 12. Qc2 Rb8 13. a4 b6 14. Bf4 Nh5 15.
Bg5 f6 16. Be3 Bf8 17. Rad1 a6 18. Nd2 b5 19. axb5 axb5 20. b3 Bd7 21. f4 Qc8
22. Nf3 Na6 23. Qf2 Nb4 24. Bb1 Ra8 25. e5 fxe5 26. fxe5 Bg7 27. Ne4 Bxe5 28.
Nxe5 Rxe5 29. Nxd6 Qf8 30. Qxf8+ Rxf8 31. Bxc5 Rxe1+ 32. Rxe1 Nxd5 33. Be4 Nhf6
34. Bf3 Rb8 35. Re5 Nf4 36. Ne4 Nxe4 37. Bxe4 Re8 38. Rxe8+ Bxe8 39. Kf2 Bf7
40. b4 Bc4 1/2-1/2

[Event "First Saturday FM A 09 2012"]
[Site "Budapest"]
[Date "2012.09.05"]
[Round "5.5"]
[White "Hilbenz, Guntram Dr"]
[Black "Juracsik, Jozsef"]
[Result "1/2-1/2"]
[WhiteElo "1924"]
[BlackElo "2149"]
[PlyCount "50"]
[EventDate "2012.09.01"]

1. c4 e5 2. g3 Nc6 3. Nc3 g6 4. Bg2 Bg7 5. Nf3 Nge7 6. d3 d6 7. a3 a5 8. Rb1
O-O 9. O-O Kh8 10. b4 axb4 11. axb4 Ng8 12. b5 Nce7 13. Bb2 f5 14. Qb3 h6 15.
Ra1 Rb8 16. Ra7 g5 17. Nd2 Nf6 18. Nd5 Nexd5 19. cxd5 b6 20. Qc4 Bb7 21. e4
fxe4 22. Nxe4 Nxe4 23. dxe4 Rf7 24. Qe2 Kg8 25. Qc4 Bc8 1/2-1/2

[Event "First Saturday FM A 09 2012"]
[Site "Budapest"]
[Date "2012.09.06"]
[Round "6.1"]
[White "Pogats, Jozsef Jr"]
[Black "Bohus, Adam"]
[Result "0-1"]
[WhiteElo "1808"]
[BlackElo "1750"]
[PlyCount "64"]
[EventDate "2012.09.01"]

1. Nf3 Nf6 2. g3 d5 3. Bg2 c6 4. O-O Bf5 5. b3 e6 6. Bb2 Nbd7 7. d3 h6 8. Nbd2
Bh7 9. Re1 Bc5 10. h3 O-O 11. e4 Qb6 12. d4 Bb4 13. c3 Be7 14. e5 Ne4 15. Nh2
Nxd2 16. Qxd2 c5 17. Rf1 Rac8 18. Rac1 Qa5 19. dxc5 Qxc5 20. c4 Bg5 21. Qe2
Bxc1 22. Rxc1 d4 23. Nf3 d3 24. Qd2 Rfd8 25. Bd4 Qc7 26. Nh2 Nxe5 27. Qc3 f6
28. f4 Nc6 29. Bxc6 Qxc6 30. Ng4 Qf3 31. Kh2 Qe2+ 32. Kg1 d2 0-1

[Event "First Saturday FM A 09 2012"]
[Site "Budapest"]
[Date "2012.09.06"]
[Round "6.4"]
[White "Krstulovic, Alex"]
[Black "Faellman, Micael"]
[Result "1/2-1/2"]
[WhiteElo "1843"]
[BlackElo "2059"]
[PlyCount "35"]
[EventDate "2012.09.01"]

1. d4 Nf6 2. c4 e6 3. Nf3 Bb4+ 4. Bd2 c5 5. Bxb4 cxb4 6. Nbd2 O-O 7. e3 d6 8.
Be2 Nc6 9. O-O Re8 10. Rc1 e5 11. d5 Nb8 12. e4 b6 13. Ne1 a5 14. Nd3 Na6 15.
Re1 Ra7 16. Bf1 Rae7 17. b3 Nd7 18. g3 1/2-1/2

[Event "First Saturday FM A 09 2012"]
[Site "Budapest"]
[Date "2012.09.06"]
[Round "6.6"]
[White "Trajber, Csaba Dr"]
[Black "Darazs, Zoltan"]
[Result "0-1"]
[WhiteElo "2018"]
[BlackElo "2137"]
[PlyCount "59"]
[EventDate "2012.09.01"]

1. b3 d5 2. Bb2 c5 3. e3 Nf6 4. Nf3 Bg4 5. h3 Bh5 6. g4 Bg6 7. Ne5 Nbd7 8. d3
Nxe5 9. Bxe5 Nd7 10. Bb2 e6 11. Nd2 f6 12. Bg2 Qc7 13. Qe2 Bd6 14. O-O-O a5 15.
h4 a4 16. h5 Bf7 17. h6 g6 18. g5 axb3 19. axb3 b5 20. c4 bxc4 21. dxc4 O-O 22.
Nf3 Ra2 23. Qd3 Ne5 24. Qb1 Rfa8 25. Nd2 Ng4 26. Rh4 Be5 27. Rxg4 Rxb2 28. Qxb2
Bxb2+ 29. Kxb2 Qe5+ 30. Kc1 0-1

[Event "First Saturday FM A 09 2012"]
[Site "Budapest"]
[Date "2012.09.07"]
[Round "7.2"]
[White "Langer, Christian"]
[Black "Trajber, Csaba Dr"]
[Result "0-1"]
[WhiteElo "2129"]
[BlackElo "2018"]
[PlyCount "76"]
[EventDate "2012.09.01"]

1. g3 e5 2. Bg2 d5 3. c4 Nf6 4. cxd5 Nxd5 5. Nc3 Nxc3 6. bxc3 Bc5 7. d3 O-O 8.
Bd2 Nc6 9. Nf3 Bb6 10. O-O Bg4 11. Qc2 Qe7 12. Bg5 f6 13. Bc1 Rfe8 14. Qa4 Bd7
15. Qc2 Rad8 16. Nd2 Na5 17. a4 c5 18. Bb2 Bc6 19. c4 Bxg2 20. Kxg2 Nc6 21. Ne4
f5 22. Nc3 Nb4 23. Qb1 e4 24. dxe4 fxe4 25. Ba3 Rd4 26. Qb3 Qe6 27. Bxb4 Qxc4
28. Qxc4+ Rxc4 29. a5 Bd8 30. Nd5 cxb4 31. Rfb1 Rc5 32. Nxb4 Bxa5 33. Na2 Bb6
34. Rb2 e3 35. f4 Rd5 36. Nb4 Rd2 37. Raa2 Red8 38. Nd3 R8xd3 0-1

[Event "First Saturday FM A 09 2012"]
[Site "Budapest"]
[Date "2012.09.07"]
[Round "7.4"]
[White "Hilbenz, Guntram Dr"]
[Black "Krstulovic, Alex"]
[Result "1/2-1/2"]
[WhiteElo "1924"]
[BlackElo "1843"]
[PlyCount "33"]
[EventDate "2012.09.01"]

1. c4 Nf6 2. g3 c5 3. Bg2 Nc6 4. Nc3 g6 5. a3 a6 6. Rb1 Rb8 7. b4 cxb4 8. axb4
b5 9. cxb5 axb5 10. d4 d5 11. Nf3 Bg7 12. O-O Bf5 13. Rb3 O-O 14. Bf4 Rb6 15.
Ne5 Ne4 16. Nxe4 Nxe5 17. Nc3 1/2-1/2

[Event "First Saturday FM A 09 2012"]
[Site "Budapest"]
[Date "2012.09.07"]
[Round "7.6"]
[White "Bohus, Adam"]
[Black "Juracsik, Jozsef"]
[Result "0-1"]
[WhiteElo "1750"]
[BlackElo "2149"]
[PlyCount "86"]
[EventDate "2012.09.01"]

1. d4 Nf6 2. c4 g6 3. Nc3 Bg7 4. e4 d6 5. f3 O-O 6. Be3 e5 7. Nge2 exd4 8. Nxd4
Re8 9. Be2 c6 10. O-O d5 11. cxd5 Nxd5 12. Nxd5 cxd5 13. Nb5 a6 14. Nd4 Nd7 15.
Bf2 Nf6 16. exd5 Nxd5 17. Qd2 Qf6 18. Bc4 Nf4 19. Rfe1 Bd7 20. Ne2 Nxe2+ 21.
Rxe2 Rxe2 22. Qxe2 Bc6 23. Rd1 Re8 24. Qd3 Qxb2 25. Bb3 Qc3 26. Qd6 Qe5 27. Qb4
a5 28. Qc4 Qf5 29. Bc2 Qf6 30. Bd4 Qf4 31. Qc3 Bxd4+ 32. Rxd4 Qe3+ 33. Qxe3
Rxe3 34. Kf2 Ra3 35. Bb3 a4 36. Rd8+ Kg7 37. Bc4 b5 38. Rc8 Bd7 39. Rc7 bxc4
40. Rxd7 Rxa2+ 41. Ke3 Rxg2 42. Rd4 Rxh2 43. Rxc4 Ra2 0-1

[Event "First Saturday FM A 09 2012"]
[Site "Budapest"]
[Date "2012.09.08"]
[Round "8.1"]
[White "Pogats, Jozsef Jr"]
[Black "Juracsik, Jozsef"]
[Result "0-1"]
[WhiteElo "1808"]
[BlackElo "2149"]
[PlyCount "58"]
[EventDate "2012.09.01"]

1. d4 Nf6 2. Nf3 c5 3. c4 cxd4 4. Nxd4 e5 5. Nb5 d5 6. cxd5 a6 7. N5c3 Bc5 8.
e3 O-O 9. Be2 e4 10. O-O Re8 11. b3 b5 12. a3 Bb7 13. b4 Bd6 14. Bb2 Nbd7 15.
Nd2 Nb6 16. Nb3 Rc8 17. Na5 Ba8 18. Qd2 Nfxd5 19. Nxd5 Nxd5 20. Rfd1 Qg5 21.
Rac1 Rcd8 22. Bd4 Nf4 23. exf4 Bxf4 24. Qb2 Bxc1 25. Rxc1 Rxd4 26. Qxd4 Qxc1+
27. Bf1 e3 28. fxe3 Qxe3+ 29. Qxe3 Rxe3 0-1